000 00739nam a22002057a 4500
999 _c16850
_d16850
008 180621b xxu||||| |||| 00| 0 eng d
020 _a0914168029
040 _aKABU
_cKABU
050 _aQM25
_b.N48 v. 2 c. 1
100 _aNetter, Frank H.
245 _aThe CIBA collection of medical illustrations
_ba compilation of paintings on the normal and pathological anatomy of the reproductive system
_cprepared by Frank H. Netter
260 _aNew Jersey
_bThe CIBA collection of medical illustrations
_c1965
300 _axvi, 287 p.
650 _aHuman anatomy
_vAtlases
650 _aHuman physiology
_vAtlases
650 _aPathology
_vAtlases
700 _aOppenheimer, Ernst
700 _aRock, John
942 _2lcc
_cBK
_hQM25